Lataa...
An introduction to the chemistry of the sea. Ed.2
| Päätekijä: | |
|---|---|
| Aineistotyyppi: | Printed Book |
| Kieli: | English |
| Julkaistu: |
UK
Cambridge
2013
|
| LEADER | 00506nam a22001457a 4500 | ||
|---|---|---|---|
| 005 | 20151028162649.0 | ||
| 008 | 130320t xxu||||| |||| 00| 0 eng d | ||
| 020 | |a 0521887070 | ||
| 082 | |a 551.4601 |b Q3 | ||
| 100 | |a Pilson, Michael E.Q |9 33008 | ||
| 245 | |a An introduction to the chemistry of the sea. Ed.2 | ||
| 260 | |a UK |b Cambridge |c 2013 | ||
| 942 | |c BK |6 _ | ||
| 999 | |c 83570 |d 83570 | ||
| 952 | |0 0 |1 0 |2 ddc |4 0 |6 5514601_Q3 |7 0 |9 103040 |a SOS |b SOS |c GEN |d 2013-03-20 |l 7 |o 551.4601 Q3 |p MS015610 |r 2015-08-26 |s 2015-08-26 |w 2013-03-20 |y BK | ||